Civil litigation brief (Record no. 64241)

MARC details
000 -LEADER
fixed length control field 00812cam a2200253 4500
001 - CONTROL NUMBER
control field ABS62647
008 - FIXED-LENGTH DATA ELEMENTS--GENERAL INFORMATION
fixed length control field 000000n2000 000 0 eng u
035 ## - SYSTEM CONTROL NUMBER
System control number (Sirsi) u107475
100 ## - MAIN ENTRY--PERSONAL NAME
Personal name Exall, G.
245 ## - TITLE STATEMENT
Title Civil litigation brief
260 ## - PUBLICATION, DISTRIBUTION, ETC.
Date of publication, distribution, etc. 2000
490 ## - SERIES STATEMENT
Series statement Solicitors' Journal
Volume/sequential designation 144(24) 588-589(2)
520 ## - SUMMARY, ETC.
Summary, etc. Takes a look at the latest Practice Direction which covers all civil appeals lodged on or after 2 May 2000. Briefly outlines the new appeals regime.
590 ## - LOCAL NOTE (RLIN)
Local note ABS
650 ## - SUBJECT ADDED ENTRY--TOPICAL TERM
Topical term or geographic name entry element APPEAL PROCEDURE
650 ## - SUBJECT ADDED ENTRY--TOPICAL TERM
Topical term or geographic name entry element PRACTICE DIRECTION
650 ## - SUBJECT ADDED ENTRY--TOPICAL TERM
Topical term or geographic name entry element CIVIL LITIGATION
650 ## - SUBJECT ADDED ENTRY--TOPICAL TERM
Topical term or geographic name entry element COURT OF APPEAL
650 ## - SUBJECT ADDED ENTRY--TOPICAL TERM
Topical term or geographic name entry element ACCESS TO JUSTICE ACT 1999 (DESTINATION OF APPEALS) ORDER 2000
650 ## - SUBJECT ADDED ENTRY--TOPICAL TERM
Topical term or geographic name entry element ACCESS TO JUSTICE ACT 1999
650 ## - SUBJECT ADDED ENTRY--TOPICAL TERM
Topical term or geographic name entry element FINAL DECISION
690 ## - LOCAL SUBJECT ADDED ENTRY--TOPICAL TERM (OCLC, RLIN)
Topical term or geographic name as entry element LAW
942 ## - ADDED ENTRY ELEMENTS (KOHA)
Suppress in OPAC 0
Holdings
Withdrawn status Lost status Source of classification or shelving scheme Damaged status Not for loan Home library Current library Shelving location Date acquired Total Checkouts Full call number Barcode Date last seen Copy number Price effective from Koha item type
    Dewey Decimal Classification     London London Journal article 02/08/2000   ABS62647 107475-1001 06/08/2019 1 06/08/2019 Journal article